| 000 | 00495nam a2200181 i 4500 | ||
|---|---|---|---|
| 001 | bg | ||
| 245 | 0 |
_aRysunek techniczny budowlany / _cPolski Komitet Normalizacyjny. |
|
| 260 |
_aWarszawa : _bWydaw. Normalizacyjne Alfa-Wero, _c1994. |
||
| 501 | _aSegregator. | ||
| 650 | 9 | _apolskie normy | |
| 650 | 9 | _arysunek techniczny | |
| 650 | 9 | _arysunek techniczny budowlany | |
| 040 | _cBPK | ||
| 041 | _apl | ||
| 080 | _a7:69:624:628 | ||
| 942 | _cKA | ||
| 008 | s pl f |000 0 pol | ||
| 999 |
_c24149 _d24149 |
||
| 856 |
_uhttp://koha.tu.koszalin.pl/cgi-bin/koha/opac-detail.pl?biblionumber=24149 _yKatalog online BPK |
||